000 003640000a22001330004500
020 _a84-494-1536-5
050 4 _aCD 025
245 1 0 _aSmart : Diccionario Interactivo Océano Español - Inglés / Océano Multimedia
001 13594
942 _cBK
999 _c42551
_d42551
336 _atexto
_btxt
_2rdacontent
337 _2rdamedia
_asin mediación
_bn
338 _2rdacarrier
_avolumen
_bnc